Expeditions: (Record no. 195453)
[ view plain ]
| 000 -LEADER | |
|---|---|
| fixed length control field | 00708nam a22001937a 4500 |
| 005 - DATE AND TIME OF LATEST TRANSACTION | |
| control field | 20230405104719.0 |
| 010 ## - LCCN (DPL NO) | |
| LC control number | ENG-136544 |
| 020 ## - INTERNATIONAL STANDARD BOOK NUMBER | |
| International Standard Book Number | 9789354499418 |
| Terms of availability | 460.00 |
| 035 ## - SYSTEM CONTROL NUMBER | |
| System control number | EN-120076 |
| 037 ## - SOURCE OF ACQUISITION | |
| Source of stock number/acquisition | DBAD/PUB |
| 082 ## - DEWEY DECIMAL CLASSIFICATION NUMBER | |
| Classification number | 910 |
| 100 ## - MAIN ENTRY--PERSONAL NAME | |
| Personal name | Mukherjee,Rupasree |
| 245 ## - TITLE STATEMENT | |
| Title | Expeditions: |
| Remainder of title | Geography for ICSE Class 9/ |
| Statement of responsibility, etc | by Rupasree Mukherjee and Baruna Ray Chowdhury |
| 260 ## - PUBLICATION, DISTRIBUTION, ETC. (IMPRINT) | |
| Place of publication, distribution, etc | Uttar Pradesh |
| Name of publisher, distributor, etc | Pearson India Education Services Pvt.Ltd |
| Date of publication, distribution, etc | 2022 |
| 270 ## - ADDRESS | |
| Address | 15th Floor,Tower-B,World Trade Tower,Plot NO: C-01,Block-16,Noida |
| City | Uttar Pradesh |
| Postal code | 201301 |
| Electronic mail address | companysecretary.india@pearson.com |
| 300 ## - PHYSICAL DESCRIPTION | |
| Extent | 225p.; |
| Dimensions | 26cm(pbk) |
| 700 ## - ADDED ENTRY--PERSONAL NAME | |
| Personal name | Chowdhary,Baruna Ray |
| 942 ## - ADDED ENTRY ELEMENTS (KOHA) | |
| Source of classification or shelving scheme | Dewey Decimal Classification |
| Item type | English Books |
| Classification part | 910 |
| Call number suffix | MUK |
| Withdrawn status | Lost status | Not for loan | Collection code | Home library | Current library | Date acquired | Source of acquisition | Cost, normal purchase price | Full call number | Barcode | Copy number | Cost, replacement price | Koha item type |
|---|---|---|---|---|---|---|---|---|---|---|---|---|---|
| Non-fiction | Central Jail Tihar | Central Jail Tihar | 29/03/2023 | DBAD/PUB | 460.00 | 910 MUK | EN-120076 | 1 | 460.00 | English Books |
